La regulación en los sistemas educativos: guía metodológica

Guardat en:
Dades bibliogràfiques
Autor principal: Hainaut, L. de (Autor)
Format: Llibre
Idioma:espanyol
Publicat: París UNESCO 1980
Col·lecció:Estudios y documentos de educación, 33
Matèries:
Etiquetes: Afegir etiqueta
Sense etiquetes, Sigues el primer a etiquetar aquest registre!

MARC

LEADER 00000nam a2200000 a 4500
001 UCY8631
003 CL-VaPUC
008 950703e19800000FR |||||||||||||||||spa|d
082 0 4 |a 379.15  |b HAI  |2 21 
100 0 |a Hainaut, L. de  |e author  |9 340193 
245 1 3 |a La regulación en los sistemas educativos: guía metodológica 
300 |a 61 p 
942 |c BK 
945 |d 19950703 00:00:00  |a cmena 
260 |a París  |b UNESCO  |c 1980 
650 0 |a Sistemas educacionales  |9 324695 
650 0 |a Planificación de la educación   |9 307333 
650 0 |a Innovaciones pedagógicas  |9 307471 
650 0 |a Formación profesional de profesores  |9 307493 
650 7 |a PAPEL DE LA EDUCACION  |2 CL-VaPUC  |9 338800 
583 |a last modification  |c 19950703 00:00:00  |k Rodrigo Vera 
490 0 |a Estudios y documentos de educación, 33 
999 |c 235859  |d 235857 
952 |0 0  |1 0  |4 0  |6 379_150000000000000_HAI_1980  |7 0  |8 P  |9 243540  |a BIBEDU  |b BIBEDU  |c BIBEDU_PB  |d 2019-11-18  |i 1526774  |o 379.15 HAI 1980  |p 1526774  |r 2024-01-25  |w 2019-11-18  |y BK  |k EDU